000 00493nam a2200193Ia 4500
005 20250425161159.0
008 250425s9999 xx 000 0 und d
020 _a0070266743
041 _aeng
082 _a621.3192
100 _aHARPER, CHARLES A.
245 0 _aHANDBOOK OF WIRING, CABLING, AND INTERCONNECTING FOR ELECTRONICS
250 _a1ST ED.
260 _aEstados Unidos
_bMCGRAW-HILL
_c1972
260 _aNEW YORK
650 _aELECTRICA
942 _c01
010 _a14502
999 _c204027
_d204027